Vplyv politickej hranice na formovanie krajinnej štruktúry

Saved in:
Bibliographic Details
Main Author: Hirnerová , Michaela, 1977- (Author)
Other Authors: Finka, Maroš (Thesis advisor)
Format: Book
Published: STU v Bratislave FA, 2005
Subjects:
Tags: Add Tag
No Tags, Be the first to tag this record!

MARC

LEADER 00000nam a22000003a 4500
001 stu122119
005 20241030102616.4
008 060628s2005----------------------------d
040 |a STU  |b slo 
041 0
100 1 |a Hirnerová , Michaela,  |d 1977-  |4 aut  |X 4782  |7 A000004782 
245 1 |a Vplyv politickej hranice na formovanie krajinnej štruktúry 
260 |b STU v Bratislave FA,  |c 2005 
300 |a 132 s  |c 62 obr 
650 7 |a krajinná štruktúra  |2 stusub 
650 7 |a priestorové plánovanie  |2 stusub 
700 1 |a Finka, Maroš  |4 ths  |u A440  |U FAD Fakulta architektúry  |T FAD Ústav Urbanizmu  |X 434  |U A440  |Y 138  |7 A000000434 
996 |b 284AB00302  |c A*131 V  |l AAKNST  |s P  |a 0  |w stu122119_0001